000
00189nam a2200085Ia 4500
008
170617s9999 xx 000 0 und d
100
_a
Shotton -E
245
0
_a
Physical Pharmaceutics
260
_b
Oxford
260
_c
2008
999
_c
15745
_d
15745